Zoo Tycoon (2001) Animals - Statistics

General Stats
  • This quiz has been taken 159 times
  • The average score is 71 of 120
Answer Stats
Expansion Answer Location Habitat % Correct
Downloaded Content Mountain Lion North America Highlands
99%
Original Version Lion Africa Savannah
97%
Original Version African Elephant Africa Savannah
95%
Downloaded Content Asian Elephant Asia Rainforest
95%
Downloaded Content Asiatic Black Bear Asia Highlands
95%
Original Version Black Bear North America Deciduous Forest
95%
Original Version Grizzly Bear North America Coniferous Forest
95%
Original Version Bengal Tiger Asia Rainforest
92%
Original Version Siberian Tiger Asia Coniferous Forest
92%
Original Version White Bengal Tiger Asia Rainforest
92%
Original Version Black Leopard Asia Rainforest
88%
Original Version Black Rhinoceros Africa Savannah
88%
Original Version Clouded Leopard Asia Rainforest
88%
Original Version Giraffe Africa Savannah
88%
Downloaded Content Javan Rhinoceros Asia Rainforest
88%
Original Version Lowland Gorilla Africa Rainforest
88%
Original Version Snow Leopard Asia Highlands
88%
Dinosaur Digs Woolly Rhinoceros Europe Tundra
88%
Original Version Plains Zebra Africa Savannah
87%
Original Version Hippopotamus Africa Savannah
86%
Original Version Leopard Africa Savannah
86%
Original Version American Bison North America Grasslands
85%
Marine Mania Bottlenose Dolphin Many Oceans Aquatic
84%
Original Version Chimpanzee Africa Rainforest
84%
Original Version Arctic Wolf Arctic Tundra
83%
Original Version Emperor Penguin Antartica Tundra
83%
Original Version Grey Wolf North America Coniferous Forest
83%
Downloaded Content Mexican Grey Wolf North America Deciduous Forest
83%
Marine Mania Great White Shark Many Oceans Aquatic
81%
Marine Mania Hammerhead Shark Many Oceans Aquatic
81%
Original Version Saltwater Crocodile Asia Aquatic
81%
Marine Mania Shortfin Mako Shark Tropical Waters Aquatic
81%
Marine Mania Tiger Shark Tropical Waters Aquatic
81%
Dinosaur Digs Tyrannosaurus Rex North America Grasslands
81%
Downloaded Content Whale Shark Many Oceans Aquatic
81%
Original Version Thompson's Gazelle Africa Savannah
80%
Original Version Cheetah Africa Savannah
78%
Original Version Moose North America Deciduous Forest
77%
Downloaded Content Bowhead Whale Many Oceans Aquatic
76%
Marine Mania Humpback Whale Many Oceans Aquatic
76%
Original Version Jaguar South America Rainforest
76%
Marine Mania Sperm Whale Many Oceans Aquatic
76%
Marine Mania Elephant Seal Pacific Ocean Aquatic
74%
Original Version Giant Panda Asia Highlands
74%
Original Version Dromedary Camel Africa Desert
73%
Original Version Red Kangaroo Australia Savannah
73%
Original Version Ostrich Africa Savannah
70%
Original Version Spotted Hyena Africa Savannah
70%
Dinosaur Digs Triceratops North America Savannah
70%
Original Version Wildebeest Africa Savannah
70%
Original Version African Buffalo Africa Savannah
69%
Original Version Greater Flamingo Africa Savannah
69%
Downloaded Content Orangutan Asia Rainforest
69%
Downloaded Content Magnet (Polar Bear) Arctic Tundra
67%
Original Version Okapi Africa Rainforest
67%
Marine Mania Orca Arctic Ocean Aquatic
66%
Original Version Warthog Africa Savannah
66%
Downloaded Content Bongo Africa Rainforest
65%
Original Version Polar Bear Arctic Tundra
64%
Downloaded Content African Wild Dog Africa Savannah
63%
Original Version Mandrill Africa Rainforest
62%
Original Version Olive Baboon Africa Savannah
58%
Dinosaur Digs Woolly Mammoth Eurasia Tundra
58%
Original Version California Sea Lion North America Aquatic
57%
Marine Mania Pacific Walrus Pacific Ocean Aquatic
57%
Downloaded Content Przewalski's Wild Horse Asia Grasslands
56%
Dinosaur Digs Stegosaurus North America Coniferous Forest
56%
Dinosaur Digs Velociraptor Asia Coniferous Forest
56%
Original Version Giant Anteater South America Rainforest
55%
Marine Mania Green Sea Turtle Tropical Waters Aquatic
55%
Original Version Ibex Europe Highlands
51%
Marine Mania Sea Otter Pacific Ocean Aquatic
51%
Original Version American Bighorn Sheep North America Highlands
49%
Dinosaur Digs Giant Tortoise Australia Tundra
49%
Downloaded Content Malaysian Tapir Asia Rainforest
49%
Downloaded Content Sable Antelope Africa Savannah
49%
Downloaded Content Reindeer Arctic Tundra
45%
Dinosaur Digs Allosaurus North America Rainforest
43%
Downloaded Content Llama South America Highlands
43%
Marine Mania Pacific Octopus Pacific Ocean Aquatic
43%
Downloaded Content Yeti Arctic Tundra
43%
Downloaded Content Giant Squid Many Oceans Aquatic
42%
Original Version Gemsbok Africa Desert
41%
Dinosaur Digs Apatosaurus North America Deciduous Forest
40%
Marine Mania Beluga Arctic Ocean Aquatic
40%
Downloaded Content Bigfoot North America Coniferous Forest
40%
Marine Mania Moray Eel Many Oceans Aquatic
40%
Dinosaur Digs Saber-Toothed Cat North America Highlands
40%
Downloaded Content Giant Ground Sloth South America Grasslands
38%
Downloaded Content Komodo Dragon Asia Rainforest
38%
Marine Mania Mermaid Many Oceans Aquatic
38%
Dinosaur Digs Spinosaurus Africa Coniferous Forest
38%
Original Version Unicorn Europe Deciduous Forest
38%
Marine Mania Lion's Mane Jelly Many Oceans Aquatic
37%
Marine Mania Manta Ray Tropical Waters Aquatic
37%
Marine Mania Narwhal Arctic Ocean Aquatic
37%
Marine Mania Bluefin Tuna Many Oceans Aquatic
36%
Marine Mania West Indian Manatee Atlantic Ocean Aquatic
35%
Dinosaur Digs Ankylosaurus North America Savannah
34%
Downloaded Content Blackbuck India Savannah
29%
Original Version Markhor Asia Highlands
29%
Marine Mania Harbour Porpoise Many Oceans Aquatic
28%
Downloaded Content Loch Ness Monster Europe Aquatic
28%
Marine Mania Atlantic Swordfish Atlantic Ocean Aquatic
27%
Dinosaur Digs Deinosuchus North America Aquatic
26%
Dinosaur Digs Iguanodon Europe Deciduous Forest
26%
Dinosaur Digs Kentrosaurus Africa Coniferous Forest
26%
Dinosaur Digs Plesiosaurus Many Oceans Aquatic
26%
Dinosaur Digs Styracosaurus North America Deciduous Forest
24%
Marine Mania Great Barracuda Many Oceans Aquatic
23%
Dinosaur Digs Lambeosaurus North America Coniferous Forest
23%
Dinosaur Digs Plateosaurus Europe Deciduous Forest
21%
Dinosaur Digs Coelophysis North America Rainforest
20%
Downloaded Content Japanese Serow Asia Deciduous Forest
20%
Downloaded Content Gallimimus Asia Coniferous Forest
19%
Dinosaur Digs Herrerasaurus South America Rainforest
19%
Dinosaur Digs Caudipteryx Asia Rainforest
16%
Dinosaur Digs Camptosaurus North America Coniferous Forest
15%
Downloaded Content Macrauchenia South America Grasslands
15%
Marine Mania Common Sawfish Many Oceans Aquatic
14%
No matching quizzes found
Score Distribution
Percent of People with Each Score
Percentile by Number Answered
Your Score History
You have not taken this quiz